000 05840cam a22018614i 4500
003 PE-LiUPU
005 20250813165720.0
008 150625s2007 pe a rb 000 0 spa d
020 _a9972463563
035 _a(Sirsi) i9789972463563
040 _aPE-LiUPU
_bspa
_cPE-LiUPU
_dPE-LiUPU
_erda
049 _aPRUA
082 0 4 _a658.8
_bV65
_221
100 1 _aVildósola Basay, Mario,
_d1942- ,
_eautor.
245 1 0 _aMarketing de servicios :
_bmercado y cliente en el caso peruano /
_cMario Vildósola Basay.
264 1 _aLima :
_bFondo Editorial de la UNMSM,
_c2007.
300 _a347 páginas :
_bilustraciones ;
_c23 centímetros
336 _atext
_2rdacontent
337 _aunmediated
_2rdamedia
338 _avolume
_2rdacarrier
504 _aIncluye bibliografía.
505 0 _aCaracterísticas generales de los servicios -- El mundo actual es una economía de servicios. Testimonios en el Perú y en el exterior -- ¿Qué son los servicios? -- Lo que diferencia los servicios de los productos -- Las características generales del sector servicios -- ¿Cómo es el proceso de decisión del consumidor en el marketing de servicios? -- ¿Cómo participa el cliente en los procesos de servicio? -- Un tema Tabú: La ética en el marketing de servicios -- Las estrategias de los servicios y la creación de valor -- El posicionamiento y diferenciación de los servicios -- Los valores agregados en los servicios. La innovación debe ser una búsqueda constante -- La oferta y demanda en los servicios. Estrategias de entrega -- Estrategias de precios en los servicios -- Las comunicaciones integradas en los servicios -- El personal de servicios: su satisfacción, la clave de la prestación -- La satisfacción del cliente, una constante en toda la organización -- ¿Cómo medir y evaluar la satisfacción de los clientes? -- ¿Cómo retener a los clientes para lograr su fidelización? -- Las quejas de los clientes. Administración de los clientes insatisfechos. Los clientes desertores -- Los servicios y la cultura. Un final, por el momento.
526 _aP203
526 _aP200
526 _aSEG65
526 _aSEG64
526 _aSEG63
526 _aSEG62
526 _aSEG61
526 _aSEG60
526 _aSEG59
526 _aSEG58
526 _aSEG57
526 _aSEG56
526 _aSEG55
526 _aSEG54
526 _aSEG53
526 _aSEG52
526 _aSEG51
526 _aSEG50
526 _aSEG49
526 _aSEG48
526 _aSEG47
526 _aSEG46
526 _aSEG24
526 _aSEG23
526 _aSEG22
526 _aSEG21
526 _aSEG20
526 _aSEG19
526 _aSEG18
526 _aSEG17
526 _aSEG16
526 _aSEG14
526 _aSEG13
526 _aSEG12
526 _aSEG11
526 _aSEG10
526 _aSEG09
526 _aSEG06
526 _aSEG05
526 _aSEG04
526 _aSEG03
526 _aSEG02
526 _aSEG68
526 _aSEG66
526 _aSEG45
526 _aSEG25
526 _aSEG01
526 _aP163
526 _aP162
526 _aP161
526 _aP160
526 _aP159
526 _aP158
526 _aP157
526 _aP156
526 _aP155
526 _aP154
526 _aP153
526 _aP152
526 _aP151
526 _aP150
526 _aP149
526 _aP142
526 _aP141
526 _aP140
526 _aP139
526 _aP138
526 _aP137
526 _aP132
526 _aP131
526 _aP130
526 _aP126
526 _aP125
526 _aP124
526 _aP123
526 _aP115
526 _aP122
526 _aP121
526 _aP116
526 _a P114
526 _aP112
526 _aP111
526 _aP104
526 _aP103
526 _aP102
526 _aP101
526 _aP100
526 _aP96
526 _aP95
526 _aP93
526 _aP92
526 _aP91
526 _aP88
526 _aP83
526 _aP82
526 _aP79
526 _aP78
526 _aP75
526 _aP74
526 _aP71
526 _aP69
526 _a P51
526 _aP49
526 _aP48
526 _aP47
526 _aP33
526 _aP31
526 _a P30
526 _aP29
526 _aP27
526 _aP26
526 _aP25
526 _aP24
526 _a P22
526 _aP10
526 _aP09
526 _a P08
526 _aP06
526 _aP05
526 _aP04
526 _aP01
541 _g014-0000517;
650 0 4 _aIndustrias de servicio
_xMercadeo.
650 0 4 _aMercadotecnia
_zPerú.
650 0 4 _aRelaciones con los clientes
_xAdministración.
650 0 4 _aServicios al cliente
_xAdministración.
910 _bjv
_clch
_d20090225
942 _2ddc
_cBOOK
949 _a658.8 V65
_wDEWEY
_c1
_i59112
_d2015-10-26
_e2015-10-26
_lCCODEBUL1
_mBUL
_n3
_p15.00
_r0
_sY
_tBOOK
_u2015-6-25
_xFCE
_zADMI
_0COMPRA
_o.STAFF. Colección Ciencias Empresariales
949 _a658.8 V65
_wDEWEY
_c1
_iFJ01083
_mBUJ
_p15.00
_r0
_sY
_tBOOK
_u2016-7-19
_xFCE
_PP04
_0COMPRA
_o.STAFF. Colección General Juliaca
994 _aC0
_bPEPRU
596 _a1 3
999 _a658.8 V65
_wDEWEY
_c47930
_i59112
_d47930
_e2015-10-26
_f2021-11-8
_g6
_lCCODEBUL1
_mBUL
_n3
_p15.00
_q3
_r0
_sY
_tBOOK
_u2015-6-25
_xFCE
_PP04
_0COMPRA
_o.STAFF. Colección Ciencias Empresariales
999 _a658.8 V65
_wDEWEY
_c1
_iFJ01083
_d2019-7-11
_e2018-6-19
_f2022-2-1
_g4
_lCCODEBUJ1
_mBUJ
_n1
_p15.00
_q7
_r0
_sY
_tBOOK
_u2016-7-19
_xFCE
_PP04
_0COMPRA
_o.STAFF. Colección General Juliaca
980 _81
_gALBERTO SANCHEZ Responsable de Automatización